Kerala Charithram Vol.1 (Record no. 17809)
[ view plain ]
| 000 -LEADER | |
|---|---|
| fixed length control field | 00264nam a22001217a 4500 |
| 003 - CONTROL NUMBER IDENTIFIER | |
| control field | OSt |
| 008 - FIXED-LENGTH DATA ELEMENTS--GENERAL INFORMATION | |
| fixed length control field | 231114b |||||||| |||| 00| 0 eng d |
| 041 ## - LANGUAGE CODE | |
| Language code of text/sound track or separate title | eng |
| 100 ## - MAIN ENTRY--AUTHOR NAME | |
| Personal name | Damodaran, K |
| 245 ## - TITLE STATEMENT | |
| Title | Kerala Charithram Vol.1 |
| 300 ## - PHYSICAL DESCRIPTION | |
| Number of Pages | 320pages. |
| 942 ## - ADDED ENTRY ELEMENTS (KOHA) | |
| Koha item type | Books |
| Withdrawn status | Lost status | Damaged status | Home library | Current library | Shelving location | Date acquired | Accession Number | Koha item type | Public note |
|---|---|---|---|---|---|---|---|---|---|
| Withdrawn | KAUAET | Malayalam University | General Stacks | 14/11/2023 | 8908 | Books | Transferred to Malayalam University |
